000 00446nam a2200181Ia 4500
001 3741
005 20260306145705.0
008 260306t2011||||xx |||||||||||||| ||spa||
041 _aESP
082 _a302.2242
_bF74A
100 _aFonseca Yerena, María del Socorro
_eAUT
245 0 _aComunicación oral y escrita
260 _c2011
300 _axii, 367 páginas :
_c27 cm.
650 _aGEN
654 _aCED
942 _cLIB
_dJUS
_fJUS
_2ddc
_n
999 _c3741
_d3741